Multi-word Country Names. - Statistics

General Stats
  • This quiz has been taken 28 times
  • The average score is 6 of 14
Answer Stats
Hint Country % Correct
With the capital of Sarjevo, this landlocked country borders Latvia. Bosnia and Herzegovina
100%
This country contains the current tallest building in the world. United Arab Emirates
85%
Unlike it's counterpart, this African country has a Democracy. Democratic Republic of the Congo
77%
The only country where you can't tell the difference between fireworks on July 4th or the guy with the AR-15 across the street. United States of America
69%
These two islands in the Lesser Antilles form a nation with a population of over 102,000 inhabitants. Antigua and Barbuda
62%
This African country often has it's capital in parenthesis by it's name to distinguish it from another country. Republic of the Congo
54%
This country encompasses the eastern half of the world’s second largest island. Papua New Guinea
46%
This small island country has a total of 104 square miles between both it's islands. Saint Kitts and Nevis
31%
In this small island country, the manufacting industry doesn't matter very much to the economy, it's of minor importance. Saint Vincent and the Grenadines
31%
With a population of 5.5 million, this landlocked country has supposedly been inhabited for 8,000 years. Central African Republic
23%
This country was administered by the United States as the Trust Territory of the Pacific Islands from 1947 to 1986. Federated States of Micronesia
15%
The flag of this country has a green-yellow-green triband design. The central yellow line has a red triangle on the left and two black stars on in the center. Sao Tome and Principe
15%
This country was formed by conflict, but quickly rejoined their former country after they lost. Confederate States of America
8%
They may not exist now, but at one point, this country had enough nuclear bombs to level an entire county. Union of Soviet Socialist Republics
8%
No matching quizzes found
Score Distribution
Percent of People with Each Score
Percentile by Number Answered
Your Score History
You have not taken this quiz